| 000 | 00477nam a2200145Ia 4500 | ||
|---|---|---|---|
| 008 | 230917s9999||||xx |||||||||||||| ||und|| | ||
| 040 |
_e182498 _aMAIN |
||
| 041 | _aEnglish | ||
| 082 | _a320.85 U1U | ||
| 100 | _aDavies, Jonathan S, ed. | ||
| 245 | 0 | _aUrban politics. 4 V. V1- Traditions and transition. V2- Power and political economy. V3- Institutions and governance. V4- Public and policies. | |
| 260 |
_aLondon _bSage Publications _c2010 |
||
| 300 | _av p. | ||
| 942 | _cBK | ||
| 999 |
_c151652 _d151652 |
||